Древнегреческие мифопоэтические традиции в литературе русского модерна (Владимир Соловьев, Вячеслав Иванов) (Запись № 241388)

Подробности
000 -МАРКЕР
контрольное поле 02511nam0a2200469 4500
001 - ИДЕНТИФИКАТОР ЗАПИСИ
контрольное поле RU\NLR\bibl\1252042
005 - ИДЕНТИФИКАТОР ВЕРСИИ
контрольное поле 20260406155425.0
010 ## - МЕЖДУНАРОДНЫЙ СТАНДАРТНЫЙ НОМЕР КНИГИ (ISBN)
Номер (ISBN) 978-5-9926-0077-3
Тираж 500
021 ## - НОМЕР ГОСУДАРСТВЕННОЙ РЕГИСТРАЦИИ
Код страны Российская Федерация
Номер 2008-38478
Номер Листа государственной регистраци 2121
035 ## - ДРУГИЕ СИСТЕМНЫЕ НОМЕРА
Идентификатор записи (NLR Aleph) 001238122
100 ## - ДАННЫЕ ОБЩЕЙ ОБРАБОТКИ
Данные общей обработки 20080711d2007 |||y0rusy50 ca
101 0# - ЯЗЫК РЕСУРСА
Язык текста, звукозаписи и т.д. русский
102 ## - СТРАНА ПУБЛИКАЦИИ ИЛИ ПРОИЗВОДСТВА
Страна публикации Российская Федерация
105 ## - ПОЛЕ КОДИРОВАННЫХ ДАННЫХ: ТЕКСТОВЫЕ МАТЕРИАЛЫ, МОНОГРАФИЧЕСКИЕ
Кодированные данные о монографическом текстовом документе y |||||||||
200 1# - ЗАГЛАВИЕ И СВЕДЕНИЯ ОБ ОТВЕТСТВЕННОСТИ
Основное заглавие Древнегреческие мифопоэтические традиции в литературе русского модерна (Владимир Соловьев, Вячеслав Иванов)
Сведения, относящиеся к заглавию монография
Первые сведения об ответственности Н.Г. Арефьева
Последующие сведения об ответственности Федер. агентство по образованию, Астрахан. гос. ун-т
210 ## - ПУБЛИКАЦИЯ, РАСПРОСТРАНЕНИЕ И ДР.
Место издания, распространения и т.д. Астрахань
Имя издателя, распространителя и т. д. Астраханский университет
Дата издания, распространения и т.д. 2007
215 ## - ФИЗИЧЕСКАЯ ХАРАКТЕРИСТИКА
Специфическое обозначение материала и объем 269 с.
Размеры 21
320 ## - ПРИМЕЧАНИЯ О НАЛИЧИИ В ДОКУМЕНТЕ БИБЛИОГРАФИИ / УКАЗАТЕЛЯ
Текст примечания Библиогр. в подстроч. примеч.
600 #1 - ИМЯ ЛИЦА КАК ПРЕДМЕТ
Начальный элемент ввода Иванов
Часть имени, кроме начального элемента ввода В.И.
Даты 1866 - 1949
Расширение инициалов личного имени Вячеслав Иванович
Тематический подзаголовок Тематика произведений
Системный номер авторитетной/нормативной записи 2218485
Идентификатор авторитетной/нормативной записи RU\NLR\auth\661332267
600 #1 - ИМЯ ЛИЦА КАК ПРЕДМЕТ
Начальный элемент ввода Соловьев
Часть имени, кроме начального элемента ввода В.С.
Даты 1853 - 1900
Расширение инициалов личного имени Владимир Сергеевич
Тематический подзаголовок Тематика произведений
Системный номер авторитетной/нормативной записи 1975445
Идентификатор авторитетной/нормативной записи RU\NLR\auth\661192106
606 1# - НАИМЕНОВАНИЕ ТЕМЫ КАК ПРЕДМЕТ
Наименование темы Модернизм
Тематический подзаголовок в литературе
Географический подзаголовок Россия
Системный номер авторитетной/нормативной записи 1675023
Идентификатор авторитетной/нормативной записи RU\NLR\auth\66743192
606 1# - НАИМЕНОВАНИЕ ТЕМЫ КАК ПРЕДМЕТ
Наименование темы Русская литература
Тематический подзаголовок Связи
-- Античный фольклор
Хронологический подзаголовок 20 в.
Системный номер авторитетной/нормативной записи 2535199
Идентификатор авторитетной/нормативной записи RU\NLR\auth\661501388
606 1# - НАИМЕНОВАНИЕ ТЕМЫ КАК ПРЕДМЕТ
Наименование темы Древнегреческий фольклор
Тематический подзаголовок Влияние на русскую литературу
Хронологический подзаголовок 20 в.
Системный номер авторитетной/нормативной записи 2535941
Идентификатор авторитетной/нормативной записи RU\NLR\AUTH\661501768
686 ## - ИНДЕКСЫ ДРУГИХ КЛАССИФИКАЦИЙ
Индекс Ш5(2=Р)52-4Соловьев
686 ## - ИНДЕКСЫ ДРУГИХ КЛАССИФИКАЦИЙ
Индекс Ш5(2=Р)53-4Иванов
686 ## - ИНДЕКСЫ ДРУГИХ КЛАССИФИКАЦИЙ
Индекс Ш5(2=Р)53-328.8
686 ## - ИНДЕКСЫ ДРУГИХ КЛАССИФИКАЦИЙ
Индекс Ш5(2=Р)53-312
686 ## - ИНДЕКСЫ ДРУГИХ КЛАССИФИКАЦИЙ
Индекс Ш3(0)323-60
700 #1 - ИМЯ ЛИЦА - ПЕРВИЧНАЯ ОТВЕТСТВЕННОСТЬ
Начальный элемент ввода Арефьева
Часть имени, кроме начального элемента ввода Н. Г.
Расширение инициалов личного имени Наталья Генриевна
Код отношения Автор
702 #1 - ИМЯ ЛИЦА - ВТОРИЧНАЯ ОТВЕТСТВЕННОСТЬ
Код отношения Прочие
Графика поля Кириллица
Материалы, к которым относится поле rus
Начальный элемент ввода Соловьев
Часть имени, кроме начального элемента ввода В. С.
Дополнения к именам, кроме дат философ, поэт
Даты 1853-1900
Расширение инициалов личного имени Владимир Сергеевич
Системный номер авторитетной/нормативной записи 117625
Идентификатор авторитетной/нормативной записи RU\NLR\auth\777693
702 #1 - ИМЯ ЛИЦА - ВТОРИЧНАЯ ОТВЕТСТВЕННОСТЬ
Код отношения Прочие
Графика поля Кириллица
Материалы, к которым относится поле rus
Начальный элемент ввода Иванов
Часть имени, кроме начального элемента ввода В. И.
Дополнения к именам, кроме дат поэт, переводчик
Даты 1866-1949
Расширение инициалов личного имени Вячеслав Иванович
Системный номер авторитетной/нормативной записи 117498
Идентификатор авторитетной/нормативной записи RU\NLR\auth\777565
801 #0 - ИСТОЧНИК ЗАПИСИ
Страна Российская Федерация
Организация NLR
Дата составления 20080711
Правила каталогизации RCR
801 #1 - ИСТОЧНИК ЗАПИСИ
Страна Российская Федерация
Организация NLR
Дата составления 20080711
830 ## - ОБЩЕЕ ПРИМЕЧАНИЕ, СОСТАВЛЕННОЕ КАТАЛОГИЗАТОРОМ
Текст примечания по кн.
942 ## - ДОПОЛНИТЕЛЬНЫЕ ЭЛЕМЕНТЫ ЗАПИСИ (АБИС)
Тип экземпляра АБИС Книга
980 ## - КОЛЛЕКЦИЯ
Название коллекции Национальная библиография
980 ## - КОЛЛЕКЦИЯ
Название коллекции НБР
Экземпляры
Тип экземпляра Дата поступления Источник поступления Библиотека постоянного хранения Библиотека текущего хранения Место хранения Шифр хранения Штрих-код Статус экземпляра
Книга 11.07.2008 Обязательный экземпляр РНБ (Московский) РНБ (Московский) Русский книжный фонд: издания с 1957 года 2008-3/20843 1-207556  
Книга 11.07.2008 Обязательный экземпляр РНБ (Московский) РНБ (Московский) Русский книжный фонд: издания с 1957 года 2008-3/20843 2715389